Statistics for G7 And G8 Members

Click here to take the quiz!

General Stats

  • This quiz has been taken 71 times
  • The average score is 8 of 8

Answer Stats

CountryMember Of G8?Member Of G7?% Correct
RussiaSuspendedNo
98%
United StatesYesYes
98%
CanadaYesYes
95%
FranceYesYes
95%
United KingdomYesYes
95%
GermanyYesYes
94%
ItalyYesYes
89%
JapanYesYes
89%

Score Distribution

Percentile by Number Answered

Percent of People with Each Score

Your Score History

You have not taken this quiz